Statistics for US States by Population-1850

Click here to take the quiz!

General Stats

  • This quiz has been taken 889 times
  • The average score is 11 of 31

Answer Stats

PopulationState% Correct
3,097,394New York
100%
2,311,786Pennsylvania
90%
1,980,329Ohio
78%
1,119,348Virginia
73%
994,517Massachusetts
54%
1,002,717Tennessee
46%
988,416Indiana
44%
906,185Georgia
39%
851,470Illinois
39%
982,405Kentucky
38%
869,039North Carolina
38%
771,623Alabama
32%
682,044Missouri
28%
668,507South Carolina
27%
606,526Mississippi
25%
583,034Maryland
24%
489,555New Jersey
23%
517,762Louisiana
21%
583,169Maine
21%
147,545Rhode Island
20%
212,592Texas
20%
314,120Vermont
20%
370,792Connecticut
19%
91,532Delaware
19%
397,654Michigan
19%
87,445Florida
18%
92,597California
17%
317,976New Hampshire
17%
305,391Wisconsin
16%
192,214Iowa
15%
209,897Arkansas
14%

Score Distribution

Percentile by Number Answered

Percent of People with Each Score

Your Score History

You have not taken this quiz